000 00295nam a22001337a 4500
008 181101b xxu||||| |||| 00| 0 eng d
020 _a9780321036636
041 _aeng
080 _a611
100 _a6
101 _aANA
245 _aThe Physiology Coloring Book
_cKapit,W
942 _2udc
_cBK
999 _c51438
_d51438